| 000 | 00793cam a2200229 i 4500 | ||
|---|---|---|---|
| 999 |
_c330549 _d330549 |
||
| 001 | 315845 | ||
| 003 | NUST | ||
| 005 | 20170719165737.0 | ||
| 008 | 750115s1974 mau 000 0 eng | ||
| 010 | _a 74005998 | ||
| 020 | _a0201038129 | ||
| 040 |
_aDLC _cDLC _dDLC |
||
| 050 | 0 | 0 |
_aQA241 _b.K668 1974 |
| 082 | 0 | 0 | _a512.7 KNU |
| 100 | 1 |
_aKnuth, Donald Ervin, _d1938- _93454 |
|
| 245 | 1 | 0 |
_aSurreal numbers : _bhow two ex-students turned on to pure mathematics and found total happiness : a mathematical novelette / _cby D. E. Knuth. |
| 260 |
_aReading, Mass. : _bAddison-Wesley Pub. Co., _c[1974] |
||
| 300 |
_a119 p. ; _c21 cm. |
||
| 650 | 0 |
_aNumber theory. _93455 |
|
| 650 | 0 |
_aSurreal numbers. _93456 |
|
| 906 |
_a7 _bcbc _corignew _d2 _eocip _f19 _gy-gencatlg |
||
| 942 |
_2ddc _cBK |
||